Top Origin Countries of Spam Emails - Statistics

General Stats
  • This quiz has been taken 84 times
  • The average score is 7 of 10
Answer Stats
% Country % Correct
10.85% United States
100%
23.52% Russia
91%
6.33% China
89%
6.69% France
75%
11.01% Germany
74%
2.3% Japan
71%
3.26% Brazil
62%
2.52% Spain
62%
1.8% Poland
46%
3.89% Netherlands
22%
No matching quizzes found
Score Distribution
Percent of People with Each Score
Percentile by Number Answered
Your Score History
You have not taken this quiz